02094nam a22003377a 4500003000900000008004100009040007100050082002500121110005500146245006800201260007200269300002900341440005400370505087600424650003001300650001601330650002501346650002701371650002401398700002501422700002501447700002801472700002801500700003201528700002501560700003601585700002401621700002401645700003201669710005501701AR-CdUCM190425b ||||| |||| 00| 0 spa d aMUNICIPALIDAD PROVINCIAL DEL CUSCOcBIBLIOTECA MUNICIPAL DEL CUSCO aRev.Univ/N°134/1991 aUniversidad Nacional de San Antonio Abad del Cusco aRevista Universitaria :bÓrgano de la Universidad del Cuzco / aCusco :bUniversidad Nacional de San Antonio Abad del Cusco,c1991. a224 páginas. :c20 cm. aRevista UniversitarianAño LXXII, 1991, N°134. aContenido: Alimentos andinos importancia y perspectivas. -- Dotación por termoluminiscencia de un tiesto cerámico antiguo de Santa Teresa Grande Marcavalle Cusco. -- La desideologización de la Filosofía de la liberación. -- Los lances de la monja Alférez. -- Lengua Nación y proyecto popular en el Perú. -- Comunidad campesina y desarrollo regional. -- El Soq´a en el mundo andino. -- Evaluación de invernadero de la efectividad agronómica de la roca fosfórica de Sechura Bayóvar del Perú para diferentes cultivos. -- Correlaciones y variaciones de algunos caracteres tecnológicos de la fibra de Vicuña. -- Situación actual de la explotación ovina en el departamento del Cusco. -- Estudio Geológico ingenieril para el desagüe de la laguna chica de Ampay provincia de Abancay departamento de Apurímac Perú. -- Juan el Bandolero. aAntropología cusqueña aFilosofía aMedicina tradicional aComunidades campesinas aFolklore cusqueño aMurillo Serna, Oscar aGuevara Ochoa, Laura aMedina Tapia, Edilberto aCárdenas Aguirre, Max aUgarte Ochoa, Marco Aurelio aZans Candia, Leandro aRuiz de Castilla Marín, Mario aAstete Canal, Dante aBueno Galdo, José aRoca Walparimachi, Demetrio aUniversidad Nacional de San Antonio Abad del Cusco